01525 a2200193 45000010006000000050017000060080041000230030015000640400040000790800033001192450030001520200018001822640036002003000019002365050942002551000018011977000017012158560099012324749820260407155742.0260407a2006 arg spa dAR-UNSa-BCEJYS aAR-UNSa-BCEJYSbspacAR-UNSa-BCEJYS a330.101.541xMacroeconomía10aMacroeconomía Argentina a987-23113-0-7 1aBuenos Aires :bAlfaomegac2006 a481 p.c24 cm. a1. Introducción: conceptos esenciales de macroeconomía -- Parte I: La economía en el largo plazo: 2. La riqueza de las naciones - 3. Las causas del crecimiento económico -- Parte II: La economía en el corto plazo: 4. La macroeconomía en el corto plazo: introducción - 5. El equilibrio macroeconómico: introducción - 6. El mercado de trabajo - 7. Empleo, producción y demanda en una economía abierta - 8. Fluctuaciones económicas con tipo de cambio fijo - 9. La creación de dinero - 10. Demanda de dinero, tipo de cambio y equilibrio monetario - 11. Policía monetaria en pleno empleo y en el largo plazo - 12. La política monetaria ante el desequilibrio macroeconómico - 13. La restricción externa -- Parte III: Tópicos de macroeconomía: 14. La política fiscal - 15. Inflación, hiperinflación y estabilización - 16. El sistema financiero - 17. Las grandes economías y la economía mundial.1 aBraun, Miguel1 aLlach, Lucas41uhttps://www.biblioeco.unsa.edu.ar/pmb/images/libros/L127532.jpgyImagen de portadaqimage/jpeg